State Quiz - Statistics

General Stats
  • This quiz has been taken 15 times
  • The average score is 31 of 50
Answers on the Map
Answers color-coded by a green-red scale on the quiz's map according to % correct below.
 
Answer Stats
Answer % Correct
Georgia
89%
Maryland
78%
Massachusetts
78%
Ohio
78%
South Carolina
78%
Texas
78%
alaska
67%
Arizona
67%
caifornia
67%
Colorado
67%
Florida
67%
Hawaii
67%
Idaho
67%
Illinois
67%
Indiana
67%
Iowa
67%
Kentucky
67%
Louisiana
67%
Maine
67%
Michigan
67%
Mississippi
67%
Montana
67%
Nebraska
67%
Nevada
67%
New Jersey
67%
New Mexico
67%
New York
67%
North Carolina
67%
North Dakota
67%
Oklahoma
67%
Oregon
67%
Pennsylvania
67%
Rhode Island
67%
South Dakota
67%
Tennessee
67%
Utah
67%
Virginia
67%
Wisconsin
67%
Arkansas
56%
Minnesota
56%
Missouri
56%
New Hampshire
56%
Washington
56%
West Virginia
56%
Wyoming
56%
Alabama
44%
Delaware
44%
Kansas
22%
Washington DC
22%
Connecticut
0%
No matching quizzes found
Score Distribution
Percent of People with Each Score
Percentile by Number Answered
Your Score History
You have not taken this quiz